Understanding the globalization of intelligence / (Record no. 14918)

000 -LEADER
fixed length control field 01202nam a2200277 a 4500
001 - CONTROL NUMBER
control field ASIN0230360718
005 - DATE AND TIME OF LATEST TRANSACTION
control field 20170105102907.0
008 - FIXED-LENGTH DATA ELEMENTS--GENERAL INFORMATION
fixed length control field 131024s2012 xxu eng d
020 ## - INTERNATIONAL STANDARD BOOK NUMBER
International Standard Book Number 0230360718 (hardcover)
Terms of availability $85.00
020 ## - INTERNATIONAL STANDARD BOOK NUMBER
International Standard Book Number 9780230360716 (hardcover)
040 ## - CATALOGING SOURCE
Original cataloging agency 0
050 04 - LIBRARY OF CONGRESS CALL NUMBER
Classification number JZ5588
082 04 - DEWEY DECIMAL CLASSIFICATION NUMBER
Classification number 327.17
100 1# - MAIN ENTRY--PERSONAL NAME
Personal name Svendsen, Adam.
245 10 - TITLE STATEMENT
Title Understanding the globalization of intelligence /
Statement of responsibility, etc. Adam Svendsen, Adam D.M. Svendsen.
260 ## - PUBLICATION, DISTRIBUTION, ETC.
Place of publication, distribution, etc. [S.l.] :
Name of publisher, distributor, etc. Palgrave Macmillan,
Date of publication, distribution, etc. 2012.
300 ## - PHYSICAL DESCRIPTION
Extent 264 p. ;
Dimensions 22 cm.
520 ## - SUMMARY, ETC.
Summary, etc. In this concise introduction to the complexities of contemporary western intelligence and its dynamics during an era of globalization, Adam Svendsen discusses intelligence cooperation in the early 21st century, with a sharp focus on counter-terrorism and WMD counter-proliferation during the 'War on Terror.'
650 #0 - SUBJECT ADDED ENTRY--TOPICAL TERM
Topical term or geographic name entry element Developed countries
650 #0 - SUBJECT ADDED ENTRY--TOPICAL TERM
Topical term or geographic name entry element Intelligence service
650 #0 - SUBJECT ADDED ENTRY--TOPICAL TERM
Topical term or geographic name entry element International relations and terrorism
650 #0 - SUBJECT ADDED ENTRY--TOPICAL TERM
Topical term or geographic name entry element National security--International cooperation
700 1# - ADDED ENTRY--PERSONAL NAME
Personal name Svendsen, Adam D.M.
856 40 - ELECTRONIC LOCATION AND ACCESS
Materials specified Amazon.com
Uniform Resource Identifier <a href="http://www.amazon.com/exec/obidos/ASIN/0230360718/chopaconline-20">http://www.amazon.com/exec/obidos/ASIN/0230360718/chopaconline-20</a>
942 ## - ADDED ENTRY ELEMENTS (KOHA)
Source of classification or shelving scheme
Koha item type Book
Holdings
Withdrawn status Lost status Damaged status Not for loan Collection code Permanent Location Current Location Shelving location Date acquired Total Checkouts Full call number Barcode Date last seen Price effective from Koha item type
          Centre for International Peace & Stability (CIPS) Centre for International Peace & Stability (CIPS) General Stacks 10/01/2013   327.17 SVE 2012 CIPS0001655 10/24/2013 10/24/2013 Book
© 2023 Central Library, National University of Sciences and Technology. All Rights Reserved.